Most dangerous countries in the world (2023) - Statistics

General Stats
  • This quiz has been taken 125 times
  • The average score is 23 of 30
Answer Stats
Peace Index Answer % Correct
3.275 Russia
97%
2.687 Iran
91%
3.554 Afghanistan
90%
3.157 Iraq
89%
3.125 Somalia
89%
3.356 Syria
88%
2.971 Ukraine
88%
3.007 Sudan
85%
3.394 Yemen
85%
2.655 Niger
84%
2.725 Nigeria
83%
2.578 India
82%
2.942 North Korea
82%
2.789 Pakistan
82%
2.576 Israel
81%
3.184 South Sudan
81%
3.166 Democratic Republic Of The Congo
78%
2.930 Libya
77%
2.612 Mexico
74%
2.591 Chad
73%
2.798 Venezuela
73%
2.729 Colombia
72%
2.806 Ethiopia
70%
3.021 Central African Republic
67%
2.911 Mali
67%
2.631 Myanmar
67%
2.785 Turkey
66%
2.615 Lebanon
64%
2.786 Burkina Faso
49%
2.709 Cameroon
49%
No matching quizzes found
Score Distribution
Percent of People with Each Score
Percentile by Number Answered
Your Score History
You have not taken this quiz